000 00588nam a2200193Ia 4500
999 _c3577
_d3577
003 OSt
005 20200928141138.0
008 190216s9999||||xx |||||||||||||| ||und||
020 _a9788174733610
040 _coclc
082 _a574.192
_bRAM/T
100 _aRambabu, Kondreddy
_95031
245 0 _aTextbook Of Biochemistry /
_cKondreddy Rambabu ; Pendyala Siva Kumar ; Pendyala Kameswari
250 _a2nd Ed.
260 _bAitbs Publishers,
_c2007.
_aNew Delhi:
300 _a770p
650 _aChemistry
942 _cBK
_2ddc
_h574.192
_iRAM/T
_k574.192
_mRAM/T